Logo Biblioteca

A medio borrar : (Registro nro. 988)

Detalles MARC
000 -LEADER
fixed length control field 01348nam a2200277 a 4500
003 - CONTROL NUMBER IDENTIFIER
control field AR-RoUNCS
005 - DATE AND TIME OF LATEST TRANSACTION
control field 20260505161549.0
007 - PHYSICAL DESCRIPTION FIXED FIELD--GENERAL INFORMATION
fixed length control field ta
008 - FIXED-LENGTH DATA ELEMENTS--GENERAL INFORMATION
fixed length control field 090604s2017 ag |r|||| 0|| j spa
020 ## - INTERNATIONAL STANDARD BOOK NUMBER
International Standard Book Number 9789507319075
040 ## - CATALOGING SOURCE
Original cataloging agency AR-BaBN
Language of cataloging spa
Transcribing agency AR-RoUNCS
080 1# - UNIVERSAL DECIMAL CLASSIFICATION NUMBER
Universal Decimal Classification number 82-34(82)
100 1# - MAIN ENTRY--PERSONAL NAME
Personal name Saer, Juan José,
Dates associated with a name 1937-2005
Relator term autor
245 10 - TITLE STATEMENT
Title A medio borrar :
Remainder of title antología /
Statement of responsibility, etc. Juan José Saer.
250 ## - EDITION STATEMENT
Edition statement 1a ed.
260 ## - PUBLICATION, DISTRIBUTION, ETC.
Place of publication, distribution, etc. Ciudad Autónoma de Buenos Aires :
Name of publisher, distributor, etc. Seix Barral,
Date of publication, distribution, etc. 2017.
300 ## - PHYSICAL DESCRIPTION
Extent 273 p. ;
Dimensions 19 cm.
500 ## - GENERAL NOTE
General note Edición con guía de lectura.
500 ## - GENERAL NOTE
General note Antología y prólogo: Martín Prieto ; guía de lectura y actividades: Carlos Ferreyra ; glosario: Analía Capdevila.
500 ## - GENERAL NOTE
General note Publicación en homenaje al 80º aniversario del nacimiento de Juan José Saer.
505 0# - FORMATTED CONTENTS NOTE
Formatted contents note Prólogo -- Argumentos: En la costra reseca -- Discusión sobre el término zona -- Cambio de domicilio -- Al abrigo -- Manos y planetas -- Recuerdos -- Biografía de Higinio Gómez -- El que se llora -- El bar de Gandia -- Amigos -- Cuentos: La tardecita -- Fuego para Rivarola -- Barro cocido --Sombras sobre vidrio esmerilado -- Palo y hueso -- Nouvelle: A medio borrar.
650 #7 - SUBJECT ADDED ENTRY--TOPICAL TERM
Topical term or geographic name entry element Literatura argentina
Source of heading or term embne
655 #7 - INDEX TERM--GENRE/FORM
Genre/form data or focus term Cuento
Source of term embne
700 1# - ADDED ENTRY--PERSONAL NAME
Personal name Prieto, Martín,
Dates associated with a name 1961-
Relator term compilador
-- prologuista
942 ## - ADDED ENTRY ELEMENTS (KOHA)
Source of classification or shelving scheme Universal Decimal Classification
Koha item type Obra General
Suppress in OPAC No
Existencias
Withdrawn status Lost status Source of classification or shelving scheme Damaged status Not for loan Collection Home library Current library Date acquired Source of acquisition Total checkouts Full call number Barcode Date last seen Price effective from Koha item type
    Universal Decimal Classification     Colección General Biblioteca Escuela de Ciencias Sociales Biblioteca Escuela de Ciencias Sociales 15/04/2026 Donación 2023   82-34(82) Sa127 000516 15/04/2026 15/04/2026 Obra General
Biblioteca de la Escuela Preuniversitaria en Ciencias Sociales y Humanísticas.
Riobamba 250 bis.
CP 2000 - Rosario - Santa Fe
E-Mail: biblioteca@esociales.unr.edu.ar